Avec le mot "jeu" - Statistiques

Statistiques générales
  • Ce quiz a été pris 316 fois
  • Le résultat moyen est 9 sur 25
Statistiques - réponses
Indice Réponse % Correct
Grande manifestation sportive, estivale ou hivernale, ayant lieu tous les 4 ans Jeux Olympiques
95%
Super Mario Bros en est un Jeu Vidéo
91%
Activité ludique le plus souvent exécutée autour d'un plateau Jeu de Société
85%
Au football, dépasser le dernier défenseur avant une passe Hors-jeu
79%
La Playstation 2 en est une Console de jeu
73%
Ancêtre du tennis Jeu de paume
54%
Les joueurs de Donjons & Dragons le pratiquent Jeu de rôle (sur table)
48%
Apaiser une situation tendue Calmer le jeu
43%
Dissimuler ses projets Cacher son jeu
38%
Calembour qui se base sur la ressemblance entre les paroles Jeu de mot
36%
La partie n'est plus modifiable, rien ne va plus Les jeux sont faits
35%
C'est facile, sans difficulté Un jeu d'enfant
32%
Respecter les règles, ne pas tricher Jouer le jeu
28%
Démodé, désuet, plus à l'ordre du jour Vieux jeu
23%
Temps supplémentaire ajouté à un match de football Arrêt de jeu
19%
Joueur qui distribue le jeu de son équipe Meneur de jeu
19%
Attitude respectueuse, loyale Franc-jeu
15%
Expression qui condamne la violence Jeu de main, jeu de vilain
14%
Se dit d'une situation qui rapporte plus de peines que de profits Le jeu n'en vaut pas la chandelle
12%
Dès le départ D'entrée de jeu
7%
Se dégager adroitement d'une situation compliquée, se faire remarquer Tirer son épingle du jeu
7%
Participer, intervenir dans une situation Entrer en jeu
6%
Où quelqu'un est berné, trompé Jeu de dupes
5%
Film posthume de Bruce Lee sorti en 1978 Le Jeu de la Mort
4%
Prendre de gros risques Jouer un jeu dangereux
1%
Aucun quiz correspondant
Distribution des résultats
% des personnes avec chaque résultat
Percentile par nombre de réponses
Votre historique - résultats
Vous n’avez pas pris ce quiz